Extending economics within the curriculum / (Record no. 1409)

MARC details
000 -LEADER
fixed length control field 00858cam a2200205 i 4500
020 ## - INTERNATIONAL STANDARD BOOK NUMBER
ISBN 0710086296 :
050 00 - CALL NUMBER
Classification number H62.5.G7
Item number E95 1977
100 ## - AUTHOR
Personal name Keith Robinson
110 ## - AUTHOR
CORPORATE AUTHOR Robert Wilson.
245 00 - TITLE
Title Extending economics within the curriculum /
Statement of responsibility, etc edited by Keith Robinson and Robert Wilson on behalf of the Economics Association.
260 ## - PUBLICATION INFORMATION
Place of publication London :
Name of publisher Routledge and K. Paul,
Year of publication 1977.
300 ## - DESCRIPTION
Number of Pages xiii, 201 p. ;
Dimensions 24 cm.
500 ## - NOTES
General note Includes index.
505 ## - FORMATTED CONTENTS NOTE
Table of Content introduction <br/>Part one General curriculum issues--<br/>Part two Economics education for the younger pupil--<br/>part three Economics for less academic pupil-<br/>Part four Economic at school and further education level
650 #0 - SUBJECTS
Topical Term Economics
General subdivision Study and teaching (Secondary)
700 1# - OTHER AUTHORS
Personal name Robinson, Keith.
700 1# - OTHER AUTHORS
Personal name Wilson, Robert
710 2# - OTHER AUTHORS
OTHER AUTHORS Economics Association.
942 ## - ADDED ENTRY ELEMENTS (KOHA)
Koha item type Books
Holdings
Withdrawn status Lost status Collection code Home library Current library Shelving location Date acquired Full call number Koha item type
    Reference Methodist University Library Main Methodist University Library Main General Stacks   H62.5.G7 E95 1977 Books
Copyright © 2026  MUG Library